[Event "Robecchetto op 33rd"]
[Site "Robecchetto"]
[Date "2021.12.28"]
[Round "5"]
[White "Urbani, Gabriel"]
[Black "Fassio, Luca"]
[Result "1-0"]
[WhiteElo "1973"]
[BlackElo "2032"]
[PlyCount "109"]
[EventDate "2021.12.26"]
[EventType "swiss"]
[EventRounds "7"]
[EventCountry "ITA"]
[SourceTitle "EXT 2023"]
[Source "ChessBase"]
[SourceDate "2022.10.05"]
[SourceVersion "1"]
[SourceVersionDate "2022.10.05"]
[SourceQuality "1"]

1. e4 c6 2. d4 g6 3. Nf3 d5 4. exd5 cxd5 5. Bd3 Bg7 6. Bf4 Nc6 7. c3 Nf6 8. 0-0 0-0 9. Nbd2 Bg4 10. h3 Bxf3 11. Nxf3 a6 12. Re1 e6 13. Qd2 b5 14. Bg5 Qc7 15. Bh6 Na5 16. Bxg7 Kxg7 17. Ng5 h6 18. Nf3 Nc4 19. Qc2 Rac8 20. Re2 a5 21. Rae1 Nd6 22. Ne5 Nfe4 23. a3 Rb8 24. Qc1 b4 25. axb4 axb4 26. Ng4 Rh8 27. Qf4 Ne8 28. Qxc7 Nxc7 29. Bxe4 dxe4 30. c4 f6 31. f3 exf3 32. gxf3 h5 33. Nf2 Rhe8 34. b3 Kf7 35. Ne4 Rbd8 36. Rd2 Re7 37. Ra1 Ne8 38. Ra4 Red7 39. Rxb4 f5 40. Nc5 Rxd4 41. Rb7+ Kf6 42. Nd7+ R8xd7 43. Rxd7 Rh4 44. R2d4 Rxd4 45. Rxd4 Ke7 46. b4 Nd6 47. c5 Nb5 48. Rd2 e5 49. Rd5 Ke6 50. Rd8 Nd4 51. Kf2 Ke7 52. Rd5 Ke6 53. Rd6+ Kf7 54. c6 Nb5 55. Rd5 1-0

[Event "Torino-ch 58th final"]
[Site "Torino"]
[Date "2013.11.18"]
[Round "3"]
[White "Yao, Stefano"]
[Black "Fassio, Luca"]
[Result "1-0"]
[WhiteElo "2066"]
[BlackElo "2125"]
[PlyCount "99"]
[EventDate "2013.11.04"]
[EventType "tourn"]
[EventRounds "7"]
[EventCountry "ITA"]
[SourceTitle "EXT 2015"]
[Source "ChessBase"]
[SourceDate "2014.11.20"]
[SourceVersion "1"]
[SourceVersionDate "2014.11.20"]
[SourceQuality "1"]

1. Nf3 Nf6 2. d4 e6 3. g3 b6 4. Bg2 Bb7 5. 0-0 Be7 6. c4 c5 7. d5 exd5 8. Nh4 0-0 9. cxd5 d6 10. Nc3 Na6 11. Nf5 Re8 12. Bg5 h6 13. Bxf6 Bxf6 14. Nb5 Be7 15. e4 Nc7 16. Qg4 g6 17. Nxh6+ Kf8 18. Qf4 f6 19. Nxc7 Qxc7 20. Qg4 Kg7 21. Nf5+ Kf7 22. Nxe7 Qxe7 23. f4 Kg7 24. f5 g5 25. h4 Rg8 26. hxg5 Kf8 27. g6 b5 28. Rae1 Qe5 29. Qf4 Qe7 30. g4 Re8 31. Qh6+ Qg7 32. Qxg7+ Kxg7 33. Kf2 Rh8 34. Rh1 b4 35. g5 fxg5 36. Rxh8 Rxh8 37. e5 dxe5 38. Rxe5 Kf6 39. Re6+ Kxf5 40. g7 Rg8 41. Be4+ Kf4 42. Re7 a5 43. Bh7 Bxd5 44. Bxg8 Bxg8 45. a3 c4 46. axb4 axb4 47. Re8 Bh7 48. Rh8 c3 49. Rxh7 cxb2 50. Rh1 1-0

[Event "Torino-ch"]
[Site "Torino"]
[Date "2012.11.19"]
[Round "3"]
[White "Sorcinelli, Francesco"]
[Black "Fassio, Luca"]
[Result "1-0"]
[WhiteElo "2134"]
[BlackElo "2066"]
[PlyCount "80"]
[EventDate "2012.11.07"]
[EventType "swiss"]
[EventRounds "7"]
[EventCountry "ITA"]
[SourceTitle "EXT 2014"]
[Source "ChessBase"]
[SourceDate "2013.11.20"]
[SourceVersion "1"]
[SourceVersionDate "2013.11.20"]
[SourceQuality "1"]

1. e4 g6 2. d4 Bg7 3. Nc3 d6 4. f4 c6 5. Nf3 Bg4 6. Be3 Nd7 7. Bc4 e6 8. h3 Bxf3 9. Qxf3 d5 10. Bb3 dxe4 11. Nxe4 Qe7 12. 0-0-0 Ngf6 13. Rhe1 Nxe4 14. Qxe4 Nf6 15. Qf3 0-0 16. g4 a5 17. a3 a4 18. Ba2 Nd5 19. Bf2 Qf6 20. Bg3 b5 21. f5 Rfe8 22. Rf1 gxf5 23. gxf5 Qxf5 24. Qxf5 exf5 25. Bxd5 cxd5 26. Rxf5 Rad8 27. Rg1 Re6 28. Bh4 Rdd6 29. Be1 Rg6 30. Rgf1 Rd7 31. c3 Rg2 32. Bd2 Rh2 33. Rg1 Rxh3 34. Rgg5 f6 35. Rxd5 Re7 36. Rh5 Rg3 37. Rd8+ Kf7 38. Rxh7 Kg6 39. Rh2 f5 40. Rd5 Rb7 1-0

[Event "Torino-ch"]
[Site "Torino"]
[Date "2012.11.07"]
[Round "1"]
[White "Pulito, Alberto"]
[Black "Fassio, Luca"]
[Result "0-1"]
[WhiteElo "2277"]
[BlackElo "2066"]
[PlyCount "52"]
[EventDate "2012.11.07"]
[EventType "swiss"]
[EventRounds "7"]
[EventCountry "ITA"]
[SourceTitle "EXT 2014"]
[Source "ChessBase"]
[SourceDate "2013.11.20"]
[SourceVersion "1"]
[SourceVersionDate "2013.11.20"]
[SourceQuality "1"]

1. f4 d6 2. Nf3 g6 3. e3 Bg7 4. Be2 c5 5. 0-0 Nf6 6. a4 Nc6 7. Na3 0-0 8. d3 e5 9. fxe5 dxe5 10. e4 Re8 11. c3 b6 12. Kh1 h6 13. Nc4 Qc7 14. Qe1 Be6 15. b3 Rad8 16. h3 a6 17. Be3 Nh5 18. b4 Bxc4 19. dxc4 cxb4 20. Qf2 Rb8 21. cxb4 Nxb4 22. Rab1 a5 23. Nh2 Nf6 24. Ng4 Nxe4 25. Qe1 Nc2 26. Qc1 Ng3+ 0-1

[Event "Turin Epifania op 36th"]
[Site "Turin"]
[Date "2011.01.07"]
[Round "4"]
[White "Di Chiara, Mauro"]
[Black "Fassio, Luca"]
[Result "0-1"]
[WhiteElo "1952"]
[BlackElo "2089"]
[PlyCount "76"]
[EventDate "2011.01.05"]
[EventType "swiss"]
[EventRounds "7"]
[EventCountry "ITA"]
[SourceTitle "EXT 2012"]
[Source "ChessBase"]
[SourceDate "2011.11.24"]
[SourceVersion "1"]
[SourceVersionDate "2011.11.24"]
[SourceQuality "1"]

1. d4 g6 2. e4 Bg7 3. Nf3 d6 4. c3 Nf6 5. Bd3 0-0 6. 0-0 Nc6 7. Bg5 h6 8. Bh4 e5 9. Nbd2 Re8 10. Re1 g5 11. Bg3 Nh5 12. dxe5 dxe5 13. Qc2 Qf6 14. Nc4 Nf4 15. Bf1 Be6 16. Ne3 Ne7 17. Rad1 c6 18. a4 Neg6 19. Bxf4 Nxf4 20. Nf5 Bf8 21. g3 Nh5 22. h4 g4 23. Nh2 Qg6 24. Be2 Nf6 25. Kh1 Kh7 26. f3 gxf3 27. Bxf3 Bxf5 28. exf5 Qxg3 29. Rg1 Qxh4 30. Qg2 Rad8 31. Rde1 e4 32. Bd1 e3 33. Bb3 Rd2 34. Re2 Rxe2 35. Qxe2 Re7 36. Qg2 e2 37. Bxf7 e1Q 38. Qg6+ Kh8 0-1

[Event "Torino-ch"]
[Site "Torino "]
[Date "2010.12.04"]
[Round "6"]
[White "Fassio, Luca"]
[Black "Gallucci, Alessio"]
[Result "0-1"]
[WhiteElo "2071"]
[BlackElo "2185"]
[PlyCount "98"]
[EventDate "2010.11.08"]
[EventType "swiss"]
[EventRounds "7"]
[EventCountry "ITA"]
[SourceTitle "EXT 2012"]
[Source "ChessBase"]
[SourceDate "2011.11.24"]
[SourceVersion "1"]
[SourceVersionDate "2011.11.24"]
[SourceQuality "1"]

1. e4 e5 2. Nf3 Nc6 3. Bc4 Nf6 4. Ng5 d5 5. exd5 b5 6. Bxb5 Qxd5 7. Bxc6+ Qxc6 8. Qf3 e4 9. Qc3 Bb7 10. Qxc6+ Bxc6 11. 0-0 h6 12. Nh3 0-0-0 13. Nc3 g5 14. a4 Nh5 15. Ne2 f5 16. Ng3 Ng7 17. b3 f4 18. Ne2 f3 19. Ng3 Ne6 20. Bb2 Rg8 21. Nh5 Bc5 22. Bc3 fxg2 23. Rfe1 g4 24. N3f4 Ng5 25. Re3 Bxe3 26. dxe3 Rd6 27. Kxg2 Rgd8 28. Bd4 Nf3 29. c3 Be8 30. Nf6 Bc6 31. N6h5 a5 32. Ng3 Nh4+ 33. Kg1 Bb7 34. b4 axb4 35. cxb4 Nf3+ 36. Kg2 Nxd4 37. exd4 Rxd4 38. b5 e3+ 39. Kf1 Rxf4 40. Ke2 Rxf2+ 41. Kxe3 Rxh2 42. a5 Rh3 43. Rg1 Rd5 44. a6 Ba8 45. Kf4 h5 46. Re1 Rd4+ 47. Ke5 Rd8 48. Rg1 Rd5+ 49. Ke6 Rxb5 0-1

[Event "Turin-ch"]
[Site "Turin"]
[Date "2009.12.04"]
[Round "5"]
[White "Fassio, Luca"]
[Black "Davi, Alessandro"]
[Result "0-1"]
[WhiteElo "2090"]
[BlackElo "2024"]
[PlyCount "92"]
[EventDate "2009.11.09"]
[EventType "swiss"]
[EventRounds "7"]
[EventCountry "ITA"]
[SourceTitle "EXT 2012"]
[Source "ChessBase"]
[SourceDate "2011.11.24"]
[SourceVersion "1"]
[SourceVersionDate "2011.11.24"]
[SourceQuality "1"]

1. e4 c5 2. c3 g6 3. d4 cxd4 4. cxd4 d5 5. e5 Nc6 6. Nc3 Bg7 7. Bb5 Nh6 8. Nge2 0-0 9. 0-0 Nf5 10. Bg5 f6 11. exf6 exf6 12. Bf4 Re8 13. Qa4 Nfe7 14. Rac1 Bg4 15. f3 Be6 16. Rfe1 g5 17. Bd2 Qb6 18. Kh1 a6 19. Bxc6 Nxc6 20. Nd1 Bf7 21. Bc3 Re7 22. Nf2 Rae8 23. Qc2 Nxd4 24. Nxd4 Rxe1+ 25. Rxe1 Rxe1+ 26. Bxe1 Qxd4 27. Nd3 Qc4 28. Qxc4 dxc4 29. Nc5 Bd5 30. b3 cxb3 31. axb3 Kf7 32. h4 Bf8 33. b4 a5 34. hxg5 fxg5 35. Nd7 Bxb4 36. Bxb4 axb4 37. Ne5+ Ke6 38. Nd3 b3 39. Kh2 Bc4 40. Nb2 Kd5 41. Kg3 Kd4 42. Kg4 b5 43. Kxg5 Kc3 44. Nd1+ Kd2 45. Nf2 b2 46. Ne4+ Kc2 0-1